| 000 | 00400nam a22001697a 4500 | ||
|---|---|---|---|
| 005 | 20230120132234.0 | ||
| 008 | 160701b xxu||||| |||| 00| 0 eng d | ||
| 020 | _a978-93-272-5232-3 | ||
| 041 | _aeng | ||
| 082 |
_bSIN-P _a631.52 |
||
| 100 |
_asingh B D _96918 |
||
| 245 | _aPlant Breeding Principles & Methods | ||
| 260 | _bKalyani | ||
| 300 | _a828 | ||
| 650 |
_aAgriculture _92837 |
||
| 942 | _cBK | ||
| 999 |
_c5075 _d5073 |
||